Joueurs par photo - Ligue 1 (2021-22) - Statistiques

Statistiques générales
  • Ce quiz a été pris 49 fois
  • Le résultat moyen est 9 sur 20
Statistiques - réponses
Par images Réponse % Correct
Xavi Simons
96%
Xherdan Shaqiri
93%
Guillermo Maripan
80%
Konrad De La Fuente
76%
Lillian Brassier
73%
Mario Lemina
73%
Fabien Lemoine
71%
Eliaquim Mangala
67%
Sven Botman
64%
Jimmy Cabot
60%
Farid Boulaya
44%
Patrick Berg
29%
Kamaldeen Sulemana
20%
Fransergio
18%
Jodel Dossou
16%
Jimmy Giraudon
13%
Karol Fila
11%
Maxime Busi
11%
Wilem Geubbels
11%
Matheus Thuler
2%
Aucun quiz correspondant
Distribution des résultats
% des personnes avec chaque résultat
Percentile par nombre de réponses
Votre historique - résultats
Vous n’avez pas pris ce quiz